000 00458nab a2200145Ia 4500
003 ES-SlBCS
005 20210601145343.0
008 140529s1981 xxu||||| |||| 00| 0 spa d
041 _aspa
100 1 _aPeiró, José María
_98154
245 0 0 _aPsicología y teoría de las organizaciones
_c José María Peiró
650 0 4 _aPsicología
_944875
773 0 _tRevista de Psicologia General y Aplicada
_gvol. 36, 1981, págs. 1097-1102
_wRev1347
942 _cAR
999 _c723299
_d723299